| 000 | 01770nam0a2200313 4500 | ||
|---|---|---|---|
| 001 | RU\NLR\BIBL_A\022368059 | ||
| 005 | 20260420020712.0 | ||
| 010 |
_a978-5-334-00305-7 _940 |
||
| 021 |
_aRU _bКН-П-24-055262 _9КН-П-24-5503 |
||
| 035 | _a(NLR Aleph) 022368059 | ||
| 090 |
_a13668769 _c13668769 |
||
| 100 | _a20241030d2024 u y0rusy50 ca | ||
| 101 | 0 | _arus | |
| 102 | _aRU | ||
| 105 | _aa j 000zy | ||
| 181 | 0 |
_ai _baxxe |
|
| 182 | 0 | _an | |
| 200 | 1 |
_aМаркетинговое управление предприятием и рыночная аналитика _eучебное пособие _eдля обучающихся по программам бакалавриата _fС.Г. Борисова _gАвтономная некоммерческая организация высшегообразования Центросоюза Российской Федерации, Сибирский университет потребительской кооперации (СибУПК) |
|
| 203 |
_aТекст _bвизуальный _cнепосредственный |
||
| 210 |
_aНовосибирск _cАНОО ВО Центрсоюза РФ СибУПК _d2024 |
||
| 215 |
_a141 с. _cил. _d21 |
||
| 320 | _aБиблиогр.: с. 136-139 (40 назв.) | ||
| 606 | 1 |
_aПредприятия _jУчебные издания для высших учебных заведений _xМаркетинг _xУправление _92327165 _3RU\NLR\AUTH\661391880 |
|
| 686 | 1 | _aУ5-361.4-21я73 | |
| 700 | 1 |
_7ca _8rus _aБорисова _bС. Г. _cд-р экон. наук, менеджмент _gСветлана Георгиевна _918669 _3RU\NLR\AUTH\7735672 |
|
| 942 | _cBOOK | ||
| 980 | _aNB | ||